Many no's in various languages - Statistics

General Stats
  • This quiz has been taken 552 times
    533 since last reset
  • The average score is 28 of 61
Answer Stats
Hint Answer % Correct
Catalan No
100%
English No
100%
Italian No
100%
Spanish No
100%
Bosnian Ne
96%
Bulgarian Ne
96%
Croatian Ne
96%
Czech Ne
96%
Latvian Ne
96%
Lithuanian Ne
96%
Macedonian Ne
96%
Serbian Ne
96%
Slovenian Ne
96%
French Non
85%
Galician Non
85%
Latin Non
85%
Persian (Farsi) Na
84%
Sinhalese Naha or Na
84%
Irish Ni
84%
Icelandic Nei
83%
Norwegian Nei
83%
Ukrainian Nei or Nemaya
83%
German Nein
75%
Russian Nyet
73%
Byelorussian Nie
62%
Polish Nie
62%
Slovak Nie
62%
Romanian Nu
55%
Portuguese Não
38%
Afrikaans Nee
35%
Dutch Nee
35%
Danish Nej
34%
Swedish Nej
34%
Arabic La
26%
Chinese
24%
Japanese Iie
18%
Hungarian Nem
17%
Greek Ochi
17%
Estonian Ei
15%
Finnish Ei
15%
Hebrew Lo
15%
Albanian Jo
11%
Maltese Ma
11%
Hindi Nahi
11%
Turkish Hayir
10%
Filipino Hindi
9%
Korean Aniyo
6%
Basque Ez
6%
Haitian (creole) Pa
6%
Indonesian Tidak
6%
Malay Tidak
6%
Georgian Ara
4%
Vietnamese Không
4%
Swahili Hapana
3%
Thai Mai
3%
Dhivehi (Maldivian Noon
3%
Malayalam Illa
2%
Armenian Voch'
2%
Azerbaijani Deyil
1%
Tamil Illaj
0%
Welsh Nid Oesh
0%
No matching quizzes found
Score Distribution
Percent of People with Each Score
Percentile by Number Answered
Your Score History
You have not taken this quiz since the last reset